书目信息 |
| 题名: |
水资源保护与生态建设战略研究
|
|
| 作者: | 李波 著 | |
| 分册: | ||
| 出版信息: | 北京 北京师范大学出版社 2008.11 |
|
| 页数: | 217页 | |
| 开本: | 23cm | |
| 丛书名: | ||
| 单 册: | ||
| 中图分类: | TV213.4 , X143 | |
| 科图分类: | ||
| 主题词: | 水资源--资源保护--研究--平谷区 , 水环境--生态环境--研究--平谷区 | |
| 电子资源: | ||
| ISBN: | 978-7-303-09473-8 | |
| 000 | 01105nam0 2200277 450 | |
| 001 | 012009007398 | |
| 005 | 20091221100119.35 | |
| 010 | @a978-7-303-09473-8@dCNY31.00 | |
| 100 | @a20090212d2008 em y0chiy0110 ea | |
| 101 | 0 | @achi |
| 102 | @aCN@b110000 | |
| 105 | @aak z 000yy | |
| 106 | @ar | |
| 200 | 1 | @a水资源保护与生态建设战略研究@9shui zi yuan bao hu yu sheng tai jian she zhan lue yan jiu@e以北京市平谷区为例@f李波著 |
| 210 | @a北京@c北京师范大学出版社@d2008.11 | |
| 215 | @a217页@c图@d23cm | |
| 300 | @a国家自然科学基金面上项目(40871135) 国家科技支撑计划项目(2007BAC16B02) 北京市科委软科学研究项目(Z000608100007123)资助 | |
| 330 | @a本书主要介绍了水资源保护与可持续利用、地下水资源保护与利用、生态系统的基本特征、平谷区生态产业发展战略研究、平谷区生态建设战略研究等内容。 | |
| 517 | 1 | @a以北京市平谷区为例@9yi bei jing shi ping gu qu wei li |
| 606 | 0 | @a水资源@x资源保护@x研究@y平谷区 |
| 606 | 0 | @a水环境@x生态环境@x研究@y平谷区 |
| 690 | @aTV213.4@v4 | |
| 690 | @aX143@v4 | |
| 701 | 0 | @a李波@9li bo@4著 |
| 801 | 0 | @aCN@bRENTIAN@c20091221 |
| 905 | @b20798492-97@dTV213.4@e53@f6 | |
| 水资源保护与生态建设战略研究:以北京市平谷区为例/李波著.-北京:北京师范大学出版社,2008.11 |
| 217页:图;23cm |
| 国家自然科学基金面上项目(40871135) 国家科技支撑计划项目(2007BAC16B02) 北京市科委软科学研究项目(Z000608100007123)资助 |
| ISBN 978-7-303-09473-8:CNY31.00 |
| 本书主要介绍了水资源保护与可持续利用、地下水资源保护与利用、生态系统的基本特征、平谷区生态产业发展战略研究、平谷区生态建设战略研究等内容。 |
| ● |
| 相关链接 |
|
|
|
|
正题名:水资源保护与生态建设战略研究
索取号:TV213.4/53
 
预约/预借
| 序号 | 登录号 | 条形码 | 馆藏地/架位号 | 状态 | 备注 |
| 1 | 798492 | 207984920 | 第二样本阅览室/ [索取号:TV213.4/53] | 在馆 | |
| 2 | 798493 | 207984939 | 第三借阅区/ [索取号:TV213.4/53] | 在馆 | |
| 3 | 798494 | 207984948 | 第三借阅区/ [索取号:TV213.4/53] | 在馆 | |
| 4 | 798495 | 207984957 | 第三借阅区/ [索取号:TV213.4/53] | 在馆 | |
| 5 | 798496 | 207984966 | 第三借阅区/ [索取号:TV213.4/53] | 在馆 | |
| 6 | 798497 | 207984975 | 第三借阅区/ [索取号:TV213.4/53] | 在馆 |